| LEADER 00000nam 2200000uu 4500 |
| 001 210827 |
| 003 ULIBM |
| 008 020711s2013 th a 000 0 eng d |
| 020 978-1-107-63438-1
|
| 041 ^aeng
|
| 050 4 PE1128 W975c 2013
|
| 100 Wyatt, Rawdon.
|
| 245 Cambridge english complete IELTS (ฺBands 6.5-7.5) :^bworkbook with answers/^cRawdon Wyatt.
|
| 246 00 ^aComplete IELTS (ฺBands 6.5-7.5) workbook with answers
|
| 260 Cambridge :^bCambridge University Press,^c2013.
|
| 300 70 p. :^bill+1 CD-ROM ;^c28 cm.
|
| 650 4 International English Language Testing System ^xStudy Guides
|
| 650 4 ^aEnglish Language ^xExaminations ^xStudy Guides
|
| 650 4 ^aEnglish Language ^xTextbook for Foreign Speakers
|
| 650 4 ^aIELTS
|
| 999 ^aใช้งานได้ทุกระบบ
|